Statistics for Winter Olympics - Biathlon

Click here to take the quiz!

General Stats

  • This quiz has been taken 648 times
  • The average score is 18 of 23

Answer Stats

MedalsAnswer% Correct
41Norway
99%
52Germany
98%
22Russia
98%
26France
97%
7Finland
96%
6Italy
92%
14Sweden
92%
3Canada
88%
7Slovakia
88%
10Belarus
87%
1Poland
86%
6Austria
85%
5Ukraine
83%
2Slovenia
81%
2Switzerland
79%
19Soviet Union
76%
11East Germany
72%
1Croatia
69%
7Czech Republic
69%
5West Germany
63%
2Bulgaria
54%
1Kazakhstan
48%
6Unified Team
31%

Score Distribution

Percentile by Number Answered

Percent of People with Each Score

Your Score History

You have not taken this quiz